01815cam a2200337 a 450000100090000000300040000900500170001300800410003001000170007102000300008804000120011804200150013004300210014505000150016610000280018124501000020926000490030930000340035850400640039250506110045665000370106765000360110465000340114065000330117465000380120765000360124590600450128194200120132699900160133895201230135416633657OSt20221122142605.0110202s2010 gh a b 001 0 eng  a 2011342232 a9781450734035 (paperback) aDLCcLC apccalcode af-----af-gh----00aHG1325.B321 aBawumia, Mahamudu.975210aMonetary policy and financial sector reform in Africa :Ghana's experience. /cMahamudu Bawumia. aGhana:c2010fCombert Impressions Ghana Ltd. axviii, 248 p. :bill.;c23cm. aIncludes bibliographical references (p. 231-243) and index. aContents: Directs controls and the evolution of Ghana's financial sector (1957- 1983) -- Indirect monetary policy instruments regime -- Financial sector reform:1984- 2000 -- Inflation targeting -- Financial sector reform: 2001- 2008 -- Payments and settlement system reform in Ghana -- Redenomination of the cedi -- Ghana's debut sovreign bond issue -- Macroeconomic performance under the inflation targeting regime 2001- 2008 -- Two monetary policy regimes, two external shocks and two macroeconomic outcomes (1993-2008) -- Impact of finanical sector reforms on financial sector developments (1984- 2008). 0aMonetary reformerszAfrica.9753 0aMonetary reformerszGhana.9754 0aMonetary policyzAfrica.9755 0aMonetary policyzGhana.9756 0aFinancezAfricaxCongresses.9757 0aFinancezGhanaxCongresses9758 a7bcbccorigresd3encipf20gy-gencatlg 2lcccBK c9318d16818 00102lcc4070aWIUC-KLbWIUC-KLcGENd2019-11-06l0oHG1325.B32pK/1336/1336/19r2022-11-22 00:00:00w2022-11-22yBK